Top 200 Footballers Fifa 21 - Statistics

General Stats
  • This quiz has been taken 679 times
  • The average score is 120 of 200
Answer Stats
Hint AnswerSilva % Correct
Barcelona RW Messi
100%
Bayern Munich ST Lewandowski
99%
Juventus ST Ronaldo
99%
PSG LW Neymar
98%
Man City CAM De Bruyne
97%
PSG ST Mbappe
97%
Atletico Madrid GK Oblak
97%
Liverpool RW Salah
97%
Liverpool GK Alisson
96%
Tottenham ST Kane
96%
Liverpool LW Mane
96%
Bayern Munich GK Neuer
96%
Liverpool CB Van Dijk
96%
Tottenham CAM Alli
95%
Real Madrid CF Benzema
95%
Real Madrid GK Courtois
95%
Real Madrid CB Ramos
94%
Barcelona GK Ter Stegen
94%
Man City ST Aguero
93%
Real Madrid CDM Casemiro
93%
Man City GK Ederson
93%
Chelsea CDM Kante
93%
Bayern Munich RB/CDM Kimmich
93%
Real Madrid CM Kroos
93%
Real Madrid CM Modric
93%
Tottenham LM Son
91%
Liverpool LB Robertson
89%
Chelsea CB | Man City RW/CAM | Real Sociedad CAM Silva
88%
Man City LW/RW Sterling
88%
Juventus CAM Dybala
87%
Liverpool CF Firmino
87%
Leicester ST Vardy
87%
Tottenham GK Lloris
86%
PSG GK | Sevilla RB/RM Navas
86%
Arsenal ST Aubameyang
85%
Man United GK De Gea
85%
Barcelona CDM Busquets
84%
PSG RW Di Maria
84%
Bayern Munich CAM Muller
84%
Man United LW Rashford
84%
Liverpool CDM Fabinho
83%
Borussia Dortmund LM | Real Madrid LW Hazard
83%
Man United CM Pogba
83%
Liverpool RB Alexander-Arnold
82%
Real Madrid RB Carvajal
82%
Man United CAM Fernandes
82%
Lazio ST Immobile
82%
Barcelona CB Pique
82%
Borussia Dortmund RW Sancho
82%
Bayern Munich LW Sane
82%
Liverpool CDM Henderson
81%
Napoli CB Koulibaly
81%
Barcelona ST Suarez
81%
Barcelona LB Alba
80%
Real Madrid CB Varane
80%
Juventus CB Bonucci
79%
Juventus CB Chiellini
79%
Borussia Dortmund ST Haaland
79%
Inter Milan GK Handanovic
79%
Borussia Dortmund CB Hummels
79%
PSG CM Verratti
79%
AC Milan GK Donnarumma
78%
Man City RW Mahrez
78%
Borussia Dortmund CAM Reus
78%
Inter Milan ST Lukaku
77%
Man City RB Walker
77%
Barcelona CM De Jong
76%
Barcelona CF Griezmann
76%
Chelsea CAM Havertz
76%
Man City CB Laporte
75%
Man City CDM Rodri
75%
Juventus CB De Ligt
73%
Bayern Munich RW Gnabry
73%
Chelsea ST Werner
73%
Atalanta CAM | Liverpool CB Gomez
72%
Lyon CF Depay
71%
PSG CB Marquinhos
70%
Inter Milan ST Martinez
70%
Monchengladbach GK Sommer
70%
Man United ST Cavani
69%
Atletico Madrid CM Koke
69%
Napoli LW/CF Insigne
68%
Man City ST Jesus
67%
Liverpool CM Thiago
67%
Bayern Munich CB Alaba
66%
Arsenal GK Leno
66%
Bayern Munich LM Coman
65%
PSG ST Icardi
64%
Ajax GK Onana
64%
Barcelona LW/RW Dembele
63%
Napoli CF Mertens
63%
Juventus GK Szczesny
63%
Arsenal ST Lacazette
61%
Man United ST Martial
61%
Inter Milan CB Skriniar
61%
Real Madrid LB Mendy
60%
Barcelona CB Lenglet
59%
Man City RB Cancelo
58%
Cagliari CB Godin
58%
Real Madrid CAM Isco
57%
Man City CDM/CB Fernandinho
56%
Juventus LB Sandro
56%
Bayern Munich CM Goretzka
55%
Liverpool CB Matip
55%
Barcelona CB Umtiti
55%
Real Sociedad LW Oyarzabal
54%
Leicester GK Schmeichel
54%
Liverpool CM Wijnaldum
54%
Atletico Madrid CB Gimenez
53%
Lazio CM Milinkovic- Savic
53%
Villarreal CM Parejo
53%
Chelsea CM Jorginho
52%
Leicester CDM Ndidi
52%
Leicester RB Pereira
52%
Chelsea CAM Ziyech
52%
Tottenham CB Alderweireld
51%
Wolves ST Jimenez
51%
Bayern Munich CB Sule
51%
Barcelona CAM/LW Coutinho
50%
Atletico Madrid CM Saul
50%
Chelsea RB Azpilicueta
49%
RB Leizpig GK Gulacsi
49%
Man United RB Wan Bissaka
49%
Crystal Palace LW/ST Zaha
49%
Atalanta ST Zapata
49%
Celta Vigo ST Aspas
48%
Man City CM Gundogan
48%
Wolves GK Patricio
48%
Inter Milan CB De Vrij
47%
Inter Milan CAM Eriksen
47%
Barcelona CM Pjanic
47%
Lazio CAM Alberto
46%
Monaco ST Ben Yedder
46%
Inter Milan CDM Brozovic
46%
Everton LB Digne
44%
Chelsea CM Kovacic
44%
Ajax LB Tagliafico
43%
Man United LB Telles
43%
Juventus CM Arthur
42%
Borussia Dortmund CAM Brandt
42%
Real Betis CAM Fekir
42%
Villarreal ST Moreno
42%
Shanghai SIPG CAM Oscar
42%
Arsenal CM Partey
42%
Ajax CAM Tadic
42%
Barcelona RB Roberto
41%
Wolves RB Semedo
41%
Real Madrid CM Valverde
41%
Atlanta CF Ilicic
40%
Borussia Dortmund GK Burki
38%
Inter Milan RM Hakimi
38%
PSG CDM Gueye
37%
Eintracht Frankfurt GK Trapp
37%
Benfica LB Grimaldo
36%
Borussia Dortmund CDM Witsel
36%
Lyon GK Lopes
35%
Bayern Munich LM Costa
34%
Valencia LB Gaya
34%
Atletico Madrid RB Trippier
34%
Real Madrid CAM Odegaard
33%
Newcastle GK Dubravka
32%
Eintracht Frankfurt LM Kostic
31%
PSG LB Bernat
30%
Atletico Madrid CB Felipe
30%
Tottenham RM Lucas
30%
Bayer Leverkusen GK Hradecky
29%
Torino GK Sirigu
29%
Wolfsburg GK Casteels
27%
Borussia Dortmund LM Guerreiro
27%
Roma GK Lopez
27%
Benfica LM/RM Rafa
27%
RB Leipzig CM Sabitzer
27%
Everton CM/CDM Allan
26%
Guangzhou CM Paulinho
26%
Sevilla LB Acuna
25%
Sevilla CB Carlos
25%
AC Milan CB Romagnoli
25%
Lazio CB Acerbi
24%
Napoli CB Manolas
24%
Man United CAM Van De Beek
24%
Monchengladbach CDM Zakaria
24%
Sevilla CDM Fernando
23%
Porto RM/RB Corona
22%
Lazio CDM Leiva
22%
Benfica RM Pizzi
21%
Tottenham LM Bergwijn
20%
Lazio GK Strakosha
20%
Medipol Basaksehir RM Visca
19%
Athletic Bilbao LW/CAM Muniain
18%
Athletic Bilbao LB Berchiche
14%
Fiorentina RM Callejon
14%
Real Sociedad RW Portu
14%
Levante GK Aitor
12%
Bayer Leverkusen CDM Aranguiz
12%
Inter Milan CAM Nainggolan
9%
No matching quizzes found
Score Distribution
Percent of People with Each Score
Percentile by Number Answered
Your Score History
You have not taken this quiz